Prueba de Gipuzkoa - Estadísticas

Estadísticas generales
  • Esta prueba ha sido intentada 40 veces
  • La puntuación promedio es 9 de 16
Estadísticas de respuestas
Pregunta Respuesta % Correcto
Nombre de dicha capital en euskera. Donostia
97%
Club de fútbol de la capital. Ha ganado ligas y copas y se trata de uno de los clubes con más historia en la máxima categoría. Real Sociedad
97%
Capital y ciudad más poblada de la provincia. San Sebastián
97%
Localidad guipuzcoana que hace frontera con Francia. Se trata de la segunda localidad más poblada de la provincia. Tiene un club de fútbol que ha jugado en La Liga y ha ganado la Copa en varias ocasiones. Irún
93%
Disciplina en la que triunfa la provincia, siendo cuna de grandes nombres como Martín Berasategi, Karlos Arguiñano, Pedro Subijana o Juan Mari Arzak. Cocina
80%
Barrio perteneciente a la localidad anterior, es separado por el río Bidasoa de la localidad francesa de Aldapa. Da nombre a una carrera popular de gran afluencia que parte del mismo barrio y tiene su meta en la capital. Behobia
63%
Monte boscoso que se eleva sobre el casco urbano de la capital. En él podemos encontrar el funicular, el parque de atracciones, un hotel y un faro. Igueldo
63%
Diseñador, empresario y modista nacido en Getaria. Se trata de uno de los grandes nombres más importantes de la historia de la alta costura. Cristobal Balenciaga
57%
Localidad famosa por sus alubias hasta el punto de contar con denominación de origen y celebrar ferias anuales. Tolosa
57%
Islote cuya soberanía comparten España y Francia, asumiendo cada país la administración del mismo cada mitad del año. Isla de los Faisanes
50%
Vino blanco, ligero y agrio, con origen en la provincia y consumo habitual en el norte. Txakolí
50%
Ex futbolista y ex entrenador nacido en Zarautz. Pasó la práctica totalidad de su carrera en el Athletic Club y se trata de uno de los mejores porteros de la historia. José Ángel Iribar
47%
Caldo elaborado con puerros, patatas, cebollas y demás verduras; además de incluir pescado ocasionalmente. Purrusalda
40%
Industria principal para la localidad de Eibar durante décadas, a día de hoy sigue teniendo un gran peso en su economía. Armamentística
23%
Escritor y dramaturgo nacido en San Sebastián,. Perteneció a la Generación del 98 y fue doctor en medicina para posteriormente cambiar dicha disciplina por la literatura. Pío Baroja
20%
Región al sur de la provincia. Aquí el uso del euskera es más alto que en el resto del País Vasco (superando el 90%). Pueblos como Zumarraga, Ordizia o Beasain pertenecen a esta comarca. Goyerri
10%
No se encontraron pruebas coincidentes
Distribución de puntuación
Porcentaje de gente con cada puntuación
Porcentaje por número respondido
Historial de tus puntuaciones
No has intentado esta prueba.